|
|
|
|
| LEADER |
01062 a2200265 4500 |
| 008 |
160726s9999 xx 000 0 eng d |
| 020 |
|
|
|a 0205456227 (pbk.)
|
| 042 |
|
|
|a pcc
|
| 060 |
0 |
0 |
|a 2005 K-640
|
| 060 |
1 |
0 |
|a WM 475
|b H918 2006
|
| 082 |
0 |
0 |
|a 616.855
|
| 245 |
0 |
0 |
|a Human communication disorders :
|b an introduction /
|c [edited by] Noma B. Anderson, George H. Shames.
|
| 250 |
|
|
|a 7th ed.
|
| 260 |
|
|
|a Boston :
|b Pearson/Allyn and Bacon,
|c c2006.
|
| 300 |
|
|
|a xvii, 632 p. :
|
| 504 |
|
|
|a Includes bibliographical references (p. 575-610) and indexes.
|
| 650 |
|
0 |
|a Communicative disorders.
|
| 650 |
1 |
2 |
|a Communication Disorders.
|
| 700 |
1 |
|
|a Anderson, Noma B.,
|
| 700 |
1 |
|
|a Shames, George H.,
|
| 906 |
|
|
|a 7
|b cbc
|c orignew
|d 1
|e ocip
|f 20
|g y-gencatlg
|
| 942 |
|
|
|c REF
|
| 955 |
|
|
|a pc10 2005-04-29 to ASCD
|c jc04 2005-05-03
|a aa05 2005-05-06
|a ps04 2006-04-07 1 copy rec'd., to CIP ver.
|
| 999 |
|
|
|c 252151
|d 252151
|
| 952 |
|
|
|0 0
|1 0
|4 0
|6 616_855000000000000_AND_H
|7 0
|9 280829
|a PSY
|b PSY
|c REF
|d 2010-09-17
|g 0.00
|i 3576
|l 0
|o 616.855 AND/H
|p PSY3576
|r 2016-07-26
|w 2016-07-26
|y REF
|